| 000 | 01387cab a2200241 4500 | ||
|---|---|---|---|
| 001 | ABS68720 | ||
| 008 | 050217n2005 000 0 eng u | ||
| 035 | _a(Sirsi) u128829 | ||
| 245 | _aR (on the application of Persimmon Homes (South East) Ltd) and another v Secretary of State for Transport | ||
| 260 | _c2005 | ||
| 490 |
_aEstates Gazette _v[2004] 04 EG 167 (CS) |
||
| 520 | _aQBD (Admin), 21 January 2005. The claimant (P) had applied for a judicial review following the SoS's decision not to hold a public inquiry into a proposed development of land near Gatwick Airport that was materially affected by the airports white paper ("The future of air transport") and government guidance on acceptable noise levels for residential development. P contended that the SOS had acted unfairly and unreasonably in refusing to hold a public inquiry. "Held": claim dismissed. The court had no statutory framework to order an inquiry and there was no precedent allowing for a hearing or inquiry as part of the policy review process. | ||
| 590 | _aABS | ||
| 650 | _aR v SOS TRANSPORT EX P PERSIMMON HOMES (SOUTH EAST) LTD | ||
| 650 | _aBINNEY V SOS ENVIRONMENT | ||
| 650 | _aGATWICK AIRPORT | ||
| 650 | _aNOISE POLLUTION | ||
| 650 | _aPLANNING POLICY | ||
| 650 | _aAIRPORT EXPANSION | ||
| 650 | _aRESIDENTIAL DEVELOPMENT | ||
| 690 | _aPROPERTY-PROPERTY DEVELOPMENT | ||
| 942 | _n0 | ||
| 999 |
_c74810 _d74810 |
||